Biggest German cities by letter - Statistics

General Stats
  • This quiz has been taken 81 times
    69 since last reset
  • The average score is 14 of 26
Answer Stats
Letter Population City % Correct
B 3,426,354 Berlin
100%
H 1,739,117 Hamburg
95%
C 963,395 Cologne
94%
M 1,260,391 Munich
94%
F 650,000 Frankfurt am Main
92%
S 589,793 Stuttgart
89%
L 504,971 Leipzig
86%
D 588,462 Dortmund
85%
E 593,085 Essen
85%
N 499,237 Nürnberg
73%
A 265,208 Aachen
68%
U 120,451 Ulm
52%
J 104,712 Jena
50%
K 283,799 Karlsruhe
48%
P 145,292 Potsdam
45%
R 198,293 Rostock
45%
W 360,797 Wuppertal
45%
I 120,658 Ingolstadt
39%
G 270,028 Gelsenkirchen
36%
T 100,129 Trier
35%
O 219,176 Oberhausen
26%
Z 98,796 Zwickau
24%
Q 22,814 Quedlinburg
20%
X 21,587 Xanten
15%
V 87,669 Velbert
2%
Y 1,034 Yach
0%
No matching quizzes found
Score Distribution
Percent of People with Each Score
Percentile by Number Answered
Your Score History
You have not taken this quiz since the last reset